25 Largest Seas - Statistics

General Stats
  • This quiz has been taken 15 times
  • The average score is 8 of 25
Answer Stats
Hint Answer % Correct
#9 Mediterranean Sea
93%
#8 Caribbean Sea
86%
#25 Sea of Japan
71%
#4 Arabian Sea
64%
#6 South China Sea
64%
#10 Gulf of Guinea
50%
#11 Tasman Sea
50%
#13 Bering Sea
43%
#2 Coral Sea
43%
#19 East China Sea
43%
#15 Gulf of Mexico
43%
#18 Norwegian Sea
36%
#12 Bay of Bengal
21%
#21 Greenland Sea
21%
#20 Hudson Bay
21%
#17 Barents Sea
14%
#16 Gulf of Alaska
14%
#7 Weddell Sea
7%
#3 American Mediterranean Sea
0%
#23 Mar de grau
0%
#1 Philippine Sea
0%
#24 Riiser-Larsen Sea
0%
#5 Saragasso Sea
0%
#14 Sea of Okhotsk
0%
#22 Somov Sea
0%
No matching quizzes found
Score Distribution
Percent of People with Each Score
Percentile by Number Answered
Your Score History
You have not taken this quiz